000 00418nam a2200181Ia 4500
008 151202s9999||||xx |||||||||||||| ||und||
082 _bPNVM-71373
100 _aROBERTS NORA.
245 _aEngaging The Enemy.
260 _b---
260 _c71373
300 _a0
600 _aROBERTS NORA.
630 _aEngaging The Enemy.
700 _aROBERTS NORA.
730 _aEngaging The Enemy.
942 _cBOOK
999 _c1337948
_d1337945